Berufen, das Wort Gottes zu verkündigen: die Botschaft der Bibel im Leben und in der Sendung der Kirche

Saved in:  
Bibliographic Details
Contributors: Ortkemper, Franz-Josef 1939-2021 (Editor)
Format: Print Book
Language:German
Subito Delivery Service: Order now.
Check availability: HBZ Gateway
WorldCat: WorldCat
Interlibrary Loan:Interlibrary Loan for the Fachinformationsdienste (Specialized Information Services in Germany)
Published: Stuttgart KBW, Bibelwerk 2008
In:Year: 2008
Volumes / Articles:Show volumes/articles.
Edition:Buchausg.
Standardized Subjects / Keyword chains:B Exegesis
B Bible / Worship service / Holy See (motif)
RelBib Classification:HA Bible
Further subjects:B Conference program 2008 (Munich)
Online Access: Inhaltstext (Publisher)
Table of Contents
Parallel Edition:Non-electronic

MARC

LEADER 00000cam a2200000 c 4500
001 1615721851
003 DE-627
005 20260409095950.0
007 tu
008 081014s2008 gw ||||| 00| ||ger c
015 |a 08,N22,0323  |2 dnb 
016 7 |a 988623323  |2 DE-101 
020 |a 9783460330757  |q kart. : EUR 12.00 (DE), EUR 12.40 (AT), sfr 22.30 (freier Pr.)  |9 978-3-460-33075-7 
024 3 |a 9783460330757 
035 |a (DE-627)1615721851 
035 |a (DE-576)286832399 
035 |a (DE-599)DNB988623323 
035 |a (OCoLC)298549538 
040 |a DE-627  |b ger  |c DE-627  |e rakwb 
041 |a ger 
044 |c XA-DE-BW 
082 0 |a 220.6 
082 0 4 |a 230 
084 |a 1  |2 ssgn 
245 0 0 |a Berufen, das Wort Gottes zu verkündigen  |b die Botschaft der Bibel im Leben und in der Sendung der Kirche  |c Franz-Josef Ortkemper/Florian Schuller (Hrsg.) 
250 |a Buchausg. 
263 |a Erscheint: 15. September 2008 
264 1 |a Stuttgart  |b KBW, Bibelwerk  |c 2008 
300 |a 118 S.  |c 21 cm 
336 |a Text  |b txt  |2 rdacontent 
337 |a ohne Hilfsmittel zu benutzen  |b n  |2 rdamedia 
338 |a Band  |b nc  |2 rdacarrier 
583 1 |a Archivierung prüfen  |c 20200919  |f DE-640  |z 2  |2 pdager 
583 1 |a Archivierung/Langzeitarchivierung gewährleistet  |f PEBW  |x XA-DE-BW  |2 pdager  |5 DE-24 
601 |a Wort Gottes 
601 |a Verkündigung 
601 |a Sendung 
601 |a Botschaft 
652 |a HA  |b DDCoderRVK 
655 7 |a Konferenzschrift  |y 2008  |z München  |0 (DE-588)1071861417  |0 (DE-627)826484824  |0 (DE-576)433375485  |2 gnd-content 
689 0 0 |d s  |0 (DE-588)4015950-4  |0 (DE-627)104675314  |0 (DE-576)20891434X  |2 gnd  |a Exegese 
689 0 |5 DE-101 
689 1 0 |d u  |0 (DE-588)4006406-2  |0 (DE-627)106377604  |0 (DE-576)208865497  |a Bibel  |2 gnd 
689 1 1 |d s  |0 (DE-588)4021671-8  |0 (DE-627)106312804  |0 (DE-576)208939296  |2 gnd  |a Gottesdienst 
689 1 2 |d b  |0 (DE-588)2009545-4  |0 (DE-627)101659261  |0 (DE-576)191644501  |2 gnd  |a Katholische Kirche 
689 1 |5 DE-101 
700 1 |e Hrsg.  |0 (DE-588)10765413X  |0 (DE-627)396447678  |0 (DE-576)166681288  |4 edt  |a Ortkemper, Franz-Josef  |d 1939-2021 
776 0 8 |i Gottes-Volk-Ausg.  |t Berufen, das Wort Gottes zu verkündigen  |b Gottes-Volk-Ausg.  |d Stuttgart : KBW, Bibelwerk, 2008  |h 118 S.  |w (DE-627)1615721002  |w (DE-576)286832011  |z 9783460266797  |k Non-Electronic 
856 4 2 |u http://bvbr.bib-bvb.de:8991/F?func=service&doc_library=BVB01&doc_number=016776045&line_number=0001&func_code=DB_RECORDS&service_type=MEDIA  |m V:DE-604  |q application/pdf  |3 Inhaltsverzeichnis  |7 1 
856 4 2 |u http://deposit.dnb.de/cgi-bin/dokserv?id=3103527&prov=M&dok_var=1&dok_ext=htm  |q text/html  |x Verlag  |3 Inhaltstext  |7 1 
935 |a mteo 
936 s n |a b100  |2 mzub 
951 |a BO 
ACO |a 1 
ELC |b 1 
ITA |a 1 
LOK |0 000 xxxxxcx a22 zn 4500 
LOK |0 001 3194427040 
LOK |0 003 DE-627 
LOK |0 004 1615721851 
LOK |0 005 20140416165711 
LOK |0 008 140416||||||||||||||||ger||||||| 
LOK |0 040   |a DE-21-35  |c DE-627  |d DE-21-35 
LOK |0 541   |e 14/91 
LOK |0 852   |a DE-21-35 
LOK |0 852 1  |c Ha 4.61  |m p  |9 00 
LOK |0 938   |a 1404  |f K2 
LOK |0 938   |k p 
LOK |0 939   |a 2014-04-16  |b l01 
ORI |a TA-MARC-ixtheoa001.raw 
REL |a 1 
SPR |a 1  |t IXT  |t REL 
STA 0 0 |a Bible,Exegesis,Holy See (motif),Catholic church,Catholic Church,Catholic Church,Former pilgrimage church Saint Ottilia,Worship service,Worship service,Liturgical service,Church service,Religious service 
STB 0 0 |a Exégèse,Messe,Messe,Service religieux,Culte,Service religieux,Culte,Service religieux (motif),Culte,Service religieux,Culte,Saint-Siège (motif),Église catholique,Église catholique 
STC 0 0 |a Celebración,Celebración,Misa,Culto,Misa,Culto,Misa (Motivo),Culto,Misa,Culto,Exegesis,Movimiento juvenil católico 
STD 0 0 |a Chiesa cattolica,Esegesi,Messa <motivo>,Messa,Celebrazione liturgica,Celebrazione liturgica,Celebrazione liturgica (motivo),Celebrazione liturgica 
STE 0 0 |a 天主教会,罗马公教,崇拜,崇拜,礼拜,礼拜,注释,诠释,解经 
STF 0 0 |a 天主教會,羅馬公教,崇拜,崇拜,禮拜,禮拜,注釋,詮釋,解經 
STG 0 0 |a Exegese,Igreja católica,Liturgia,Liturgia,Missa,Culto,Missa,Culto,Missa (Motivo),Culto,Missa,Culto 
STH 0 0 |a Богослужение (мотив),Богослужение,Католическая церковь (мотив),Экзегетика 
STI 0 0 |a Εξηγητική,Ερμηνευτική,Θεία Λειτουργία (μοτίβο),Θεία Λειτουργία,Καθολική Εκκλησία (μοτίβο) 
SUB |a REL 
SYG 0 0 |a Bibelauslegung,Bibelexegese,Biblische Auslegung,Bibelinterpretation,Biblische Exegese,Schriftauslegung , Bible for Today's Family,Contemporary English version bible,CEV,New International Reader's,NIrV,NIV,N.I.V.,New International Version Bible,English Standard Version,ESV,ESV Bible,Holy Bible, English Standard Version,Schlachter-Bibel,Schlachterbibel,Zürcher Bibel,Bibel,Handschrift,Arras,Bibliothèque Municipale,Ms. 559,Saint-Vaast Bible,Vatopediu,Athos, Bibliothek,Cod. 1582,Bibbia di Ripoll,Ripoll Bibel,La bible nouvellement translatée avec annotations,Bibel,Althochdeutsch,Glosse,Basel,Universitätsbibliothek,Cod. N I 3 Nr. 97a,Bibelglossatur M,Basel,Universitätsbibliothek,Cod. N I 3 Nr. 97a,Bibel,Handschrift,Breslau,Universitätsbibliothek,Ms. M 1106,Bibel,Bibel,Bibel,Bibel,Bibel,Bibel,Bibel in gerechter Sprache,Itala,Bibel,Bibel,Bibel,Bibel,King James Version,Authorized Version,Authorised Version,KJV,KJB,King James Bible,King-James-Bibel,Zwingli-Bibel,Zwinglibibel,Zürcher Bibelübersetzung,Bibel,Neues Testament,Einheitsübersetzung,Einheitsübersetzung der Heiligen Schrift,Biblia,Heilige Schrift,Bible,Die Bibel,Die Heilige Schrift,La Sainte Bible,La Soncha Scrittüra,Biblia Sacra,La Bible,The Holy Bible,Sveto pismo Staroga i Novoga zaveta,Biblia święta,Biblí svatá,Biblija,La Sacra Bibbia,La Santa Biblia,Die Heiligen Schriften des Alten und Neuen Bundes,Die Heiligen Schriften,Die gantze Heilige Schrifft Deudsch,Die ganze Heilige Schrifft,Kitāb-i muqaddas,al- Kitab al-muqaddas,Seisho,Müqäddäs kitab,Beibel,Bībele,Lutherbibel,Luther-Bibel,Biblia, das ist, die gantze heilige Schrifft Deudsch , Gottesdienste , Katolikus Egyház,RCC,Katoličeskaj Cerkovʹ,Katoličke Cerkve,Katolska Cyrkej,Katolske Kirke,Ecclesia Catholica,Igreja Católica,Römisch-Katholische Kirche,Katholikē Ekklēsia,Catholic Church,Roman Catholic Church,Eglise Catholique,Eglise Catholique Romaine,Chiesa Cattolica,Katholieke Kerk,Iglesia Católica,Katolické Církve,Kościoł Katolicki,Katoličke Crkve,Eglise catholique romaine,Chiesa cattolica romana,Roman catholic Church,Eglise catholique,Römische Kirche , Eglise catholique,Roman Catholic Church,Catholic Church , Ehemalige Wallfahrtskirche Sankt Ottilia 
TIM |a 100020080101_100020081231  |b 2008 - 2008